header

The Bad Guys (Record no. 260764)

MARC details
000 -LEADER
fixed length control field 00232nam a22001097a 4500
020 ## - INTERNATIONAL STANDARD BOOK NUMBER
ISBN 9780545912402
100 ## - MAIN ENTRY--AUTHOR NAME
Personal name Aaron Blabey
245 ## - TITLE STATEMENT
Title The Bad Guys
260 ## - PUBLICATION, DISTRIBUTION, ETC. (IMPRINT)
Place of publication New York
Name of publisher Scholastic Press
300 ## - PHYSICAL DESCRIPTION
Number of Pages 138 pgs.
942 ## - ADDED ENTRY ELEMENTS (KOHA)
Koha item type Long Loan Books
Holdings
Withdrawn status Lost status Collection code Home library Current library Shelving location Date acquired Accession Number Koha item type
    Fiction Rongo University Library Rongo University Library Children's Area 05/10/2023 CL2152021 Long Loan Books

© 2026 Rongo University
Contact us: librarian | system librarian | Rongo university